gold rush - Taylor Swift (All Lyrics) - Statistics

General Stats
  • This quiz has been taken 1,082 times
  • The average score is 293 of 342
Answer Stats
Answer % Correct
I
100%
a
99%
gold
99%
like
99%
rush
99%
you
99%
don't
98%
in
98%
to
98%
your
98%
be
97%
it
97%
that
97%
what
97%
What
97%
my
95%
My
95%
beautiful
94%
into
93%
up
93%
With
93%
falling
92%
feel
92%
grow
92%
hair
92%
love
92%
would
92%
the
91%
But
90%
Everybody
90%
place
90%
red
90%
wants
90%
flush
89%
on
89%
must
88%
face
87%
touch
87%
So
86%
wonders
86%
see
83%
dominoes
82%
And
80%
anticipating
80%
out
80%
almost
79%
anyone
79%
as
79%
die
79%
jump
79%
quick
79%
Walk
79%
never
78%
shit
78%
call
77%
past
77%
eyes
76%
Eyes
76%
folklore
76%
bone
75%
Cause
75%
crush
75%
pure
75%
ships
75%
brush
74%
feels
73%
rose
73%
vision
73%
At
72%
dinner
72%
inviting
72%
parties
72%
twinkling
72%
double
71%
of
71%
flying
70%
motion
70%
sinking
70%
town
70%
slow
69%
til
69%
waters
69%
contrarian
68%
day
68%
life
68%
mind
67%
turns
67%
we
67%
will
67%
blush
66%
can't
66%
from
66%
me
66%
old
66%
fades
65%
Gleaming
65%
hanging
65%
door
64%
dream
64%
tea
64%
could
63%
gray
63%
about
62%
seen
62%
t-shirt
62%
anymore
61%
eagles
61%
then
57%
wooden
57%
dare
56%
had
56%
coastal
54%
floors
52%
across
49%
round
45%
padding
44%
found
43%
won't
41%
wandered
39%
No matching quizzes found
Score Distribution
Percent of People with Each Score
Percentile by Number Answered
Your Score History
You have not taken this quiz